000 00518nam a2200181Ia 4500
008 100920s9999 xx 000 0 und d
082 _b65842
_a24 थ 90
100 _aबांदोडकर व. पु.
245 _aहव्यास.
260 _bबांदेाडकर ग.तु.,मुंबई.
_c1990
300 _a214
_bसाधी
365 _b75
520 _aसायो.
630 _aहव्यास.
650 _aसायो.
730 _aहव्यास.
942 _cBOOK
999 _c708550
_d708547